|
|
|
|
| LEADER |
00000nam0a2200000 4500 |
| 001 |
20583 |
| 005 |
20231101205350.0 |
| 010 |
|
|
|a 5010044498
|
| 035 |
|
|
|a (RuTPU)RU\TPU\book\20769
|
| 035 |
|
|
|a BOOK00020840
|
| 090 |
|
|
|a 20583
|
| 100 |
|
|
|a 20011209d1994 km y0rusy50 ca
|
| 101 |
1 |
|
|a rus
|c ger
|
| 102 |
|
|
|a RU
|
| 105 |
|
|
|a y z 000zy
|
| 200 |
1 |
|
|a Агрессия (так называемое "зло")
|e пер. с нем.
|f К. Лоренц
|
| 210 |
|
|
|a Москва
|c Прогресс
|d 1994
|
| 215 |
|
|
|a 272 с.
|
| 225 |
1 |
|
|a Библиотека зарубежной психологии
|
| 606 |
1 |
|
|a Агрессия
|x Психология
|2 stltpush
|3 (RuTPU)RU\TPU\subj\1500
|9 30275
|
| 610 |
1 |
|
|a эмоциональность
|
| 610 |
1 |
|
|a эмоции
|
| 610 |
1 |
|
|a агрессивное поведение
|
| 610 |
1 |
|
|a зло
|
| 610 |
1 |
|
|a эмоциональные состояния
|
| 686 |
|
|
|a Ю935.2
|v LBC/SL-A
|2 rubbk
|
| 700 |
|
1 |
|a Лоренц
|b К.
|g Конрад
|
| 801 |
|
0 |
|a RU
|b 63413507
|c 20011209
|g PSBO
|
| 801 |
|
2 |
|a RU
|b 63413507
|c 20170410
|g PSBO
|
| 942 |
|
|
|c BK
|